| 000 | 00666nam a22001937a 4500 | ||
|---|---|---|---|
| 003 | OSt | ||
| 005 | 20260131033838.0 | ||
| 008 | 250819b |||||||| |||| 00| 0 eng d | ||
| 020 | _a0-7817-2125-3. | ||
| 040 | _cOC | ||
| 082 | _aCirc. 362.12 An23c 2000 | ||
| 100 | _aAnderson, E. | ||
| 245 |
_aCommunity as partner : _btheory and practice in nursing |
||
| 260 |
_aPhiladelphia : _bLippincott Williams & Wilkins, _cc2000. |
||
| 300 |
_axxiii, 435 pages : _billustration ; _c23 cm. |
||
| 650 | _2Community health nursing. | ||
| 700 | _a Judith Mcfarlane | ||
| 942 |
_2ddc _cBK-CIRC _e3rd edition _hCirc. 362.12 An23c 2000 _kCirc. _n0 |
||
| 999 |
_c4056 _d4056 |
||